Chińskie spory terytorialne - Statystyki

Ogólne statystyki
  • Ten quiz został rozwiązany 5 052 razy
  • Średni wynik to 6 z 9
Statystyki odpowiedzi
Państwo % Poprawnych
Tajwan
89%
Indie
88%
Japonia
84%
Wietnam
76%
Bhutan
56%
Indonezja
53%
Filipiny
52%
Malezja
45%
Brunei
22%
Nie znaleziono quizów pasujących do podanych kryteriów
Rozkład punktacji
Procent ludzi z każdym wynikiem
Percentyl według liczby udzielonych odpowiedzi
Twoja historia wyników
Nie rozwiązałeś tego quizu